Giáo trình xây dựng văn bản pháp luật
Nội dung tài liệu trình bày khái quát về văn bản pháp luật. Quá trình xây dựng, ngôn ngữ sử dụng, hình thức, nội dung, kiểm tra, rà soát và xử lí văn bản pháp luật cũng như cách soạn thảo một số văn bản pháp luật điển hình...
Enregistré dans:
| Auteur principal: | |
|---|---|
| Format: | Livre |
| Langue: | Undetermined |
| Publié: |
Hà Nội
Tư pháp
2015
|
| Sujets: | |
| Tags: |
Ajouter un tag
Pas de tags, Soyez le premier à ajouter un tag!
|
| Thư viện lưu trữ: | Trung tâm Học liệu Trường Đại học Cần Thơ |
|---|
| LEADER | 01027nam a2200217Ia 4500 | ||
|---|---|---|---|
| 001 | CTU_203120 | ||
| 008 | 210402s9999 xx 000 0 und d | ||
| 020 | |c 42000 | ||
| 082 | |a 342.597 | ||
| 082 | |b U603 | ||
| 100 | |a Đoàn, Thị Tố Uyên | ||
| 245 | 0 | |a Giáo trình xây dựng văn bản pháp luật | |
| 245 | 0 | |c Đoàn Thị Tố Uyên (chủ biên) | |
| 260 | |a Hà Nội | ||
| 260 | |b Tư pháp | ||
| 260 | |c 2015 | ||
| 520 | |a Nội dung tài liệu trình bày khái quát về văn bản pháp luật. Quá trình xây dựng, ngôn ngữ sử dụng, hình thức, nội dung, kiểm tra, rà soát và xử lí văn bản pháp luật cũng như cách soạn thảo một số văn bản pháp luật điển hình | ||
| 650 | |a Public administration,Constitutions, state,Nhà nước, hiến pháp | ||
| 650 | |z Vietnam,Việt Nam | ||
| 904 | |i Bằng | ||
| 980 | |a Trung tâm Học liệu Trường Đại học Cần Thơ | ||